ORGANIC CHEMISTRY [VOL-2] (Record no. 8079)

MARC details
000 -LEADER
fixed length control field 00472nam a22001817a 4500
005 - DATE AND TIME OF LATEST TRANSACTION
control field 20260316152029.0
008 - FIXED-LENGTH DATA ELEMENTS--GENERAL INFORMATION
fixed length control field 221217b |||||||| |||| 00| 0 eng d
020 ## - INTERNATIONAL STANDARD BOOK NUMBER
ISBN 978-81-8473
041 ## - LANGUAGE CODE
Language code of text/sound track or separate title eng
082 ## - DEWEY DECIMAL CLASSIFICATION NUMBER
Classification number 615.19 BEA-O
100 ## - MAIN ENTRY--AUTHOR NAME
Personal name BEALE ,JOHN M , Jr AND BLOCK JHON H
245 ## - TITLE STATEMENT
Title ORGANIC CHEMISTRY [VOL-2]
250 ## - EDITION STATEMENT
Edition statement 12th ed .
260 ## - PUBLICATION, DISTRIBUTION, ETC. (IMPRINT)
Place of publication HARYANA
Name of publisher WOLTER'S KLUWER HEALTH
300 ## - PHYSICAL DESCRIPTION
Number of Pages 1010;P.
650 ## - SUBJECT ADDED ENTRY--TOPICAL TERM
Topical Term PHARMACY
General subdivision B.PHARMACY
942 ## - ADDED ENTRY ELEMENTS (KOHA)
Koha item type Books
Holdings
Lost status Damaged status Collection code Home library Current library Shelving location Date acquired Source of acquisition Cost, normal purchase price Full call number Accession Number Koha item type
    PHARMACY JRU Library JRU Library SHELF-18-A 20/10/2022 LOHIA BOOK INTERNATIONAL 2099.00 615.19-BEA-O 26989 Books
    PHARMACY JRU Library JRU Library SHELF-18-A 20/10/2022 LOHIA BOOK INTERNATIONAL 2099.00 615.19-BEA-O 26990 Books